000
00302nam a22001337a 4500
008
180105b xxu||||| |||| 00| 0 eng d
020
_a
9780838505427
041
_a
eng
080
_a
610
100
_a
4
101
_a
SHM
245
_a
Basic & Clinical Biostatistics
_c
Saunders, B.D
942
_2
udc
_c
BK
999
_c
39807
_d
39807